000 00619cam a22002055a 4500
001 L144714
008 080806s2008 xxko f 000 0 eng d
035 _a(Sirsi) u144714
041 0 _aeng
050 0 4 _a690.2 $2 18
110 2 _aRoyal Institution of Chartered Surveyors
_94900
245 0 4 _aThe chartered building surveyor's portfolio
260 _aLondon
_bRICS
_c2008
300 _a3p.
_bill.
_c21cm.
520 _aDiscusses some of the key skills of chartered building surveyors.
521 _aAdvanced
651 4 _aUnited Kingdom
_y
690 _aABOUT RICS-RICS MEMBERS-CHARTERED SURVEYORS
942 _n0
999 _c108597
_d108597